History Quiz

Random History or Clickable Quiz
Score 0/30 Timer 05:00
1 Play Today
% Correct
Peace
94%
Literature
92.8%
Physics
92.8%
Literature
88.5%
Peace
88.2%
Literature
87.3%
Literature
86.3%
Peace
85.6%
Peace
85.3%
Physics
85%
Physics
84.2%
Physics
84.1%
Physics
82.7%
Peace
82%
Literature
76.7%
% Correct
Physics
72%
Literature
70.4%
Literature
67.5%
Literature
65.9%
Peace
64.9%
Peace
62.9%
Physics
56.7%
Physics
56.1%
Physics
53.1%
Peace
52.9%
Physics
50.3%
Literature
50.2%
Peace
47.6%
Literature
44.7%
Peace
44.6%
Remove Ads.
Support Sporcle.
Get the best of Sporcle when you Go Orange. This ad-free experience offers more features, more stats, and more fun while also helping to support Sporcle. Thank you for becoming a member.

You're not logged in!

Compare scores with friends on all Sporcle quizzes.
OR
Log In

Show Comments

Extras

Top Quizzes Today


Score Distribution

Your Account Isn't Verified!

In order to create a playlist on Sporcle, you need to verify the email address you used during registration. Go to your Sporcle Settings to finish the process.

Report this User

Report this user for behavior that violates our Community Guidelines.

Details: